1311 1973 1255 1703 1981 1916 1422 1439 1142 1376 1044 1139 1910 1633 1595 1172 1549 1957 1671 1934 1609 1284 1756 1033 1368 1175 1262 1099 1678 1371 1072 1179 1689 1426 1795 1010 1208 1435 1017 1862 1879 1799 1352 1313 1630 1303 1228 1324 1618 1275 1109 1817 1580 1281 1722 1983 1180 1741 1680 1563 1738 1012 1348 1883 1086 1378 1443 1513 1447 1620 1938 1769 1384 1651 1564 1375 1079 1268 1725 1393 1308 1006 1967 1775 1314 1583 1998 1371 1862 1446 1236 1728 1208 1743 1146 1744 1908 1207 1270 BCNSPRNW ULIB Ver.6.0+V

เปลี่ยนเป็นภาษาไทย

Change to English
 แสดงรายละเอียดบรรณานุกรม
  กลับหน้าหลัก

Brief Record : Get Marc (ISO 2709) : E-mail record : QR code < ปิดหน้าต่าง
LEADER : 00000nam 2200000uu 4500
001    13399111437
003     ULIB
008    110627s||||||||th 000 0 tha d
020    9789746422888
050  4 รส^bส831ด 2552
100 0  อาจอง ชุมสาย ณ อยุธยา
245 10 ด้วยรักบันดาล...นิทานสีขาว รวมนิทานคัดสรร/^cเล่าเรื่องโดย อาจอง ชุมสาย ณ อยุธยา ;สุพัตรา แซ่ลิ่ม เรียบเรียง ;[บรรณาธิการ อิศวเรศ ตโมนุท]
250    พิมพ์ครั้งที่ 1
260    กรุงเทพฯ :^bฟรีมายด์,^c2552
300    170 หน้า :^bภาพประกอบ
650  4 นิทานสอนใจ
650  4 การดำเนินชีวิต
650  4 ความสำเร็จ
650  4 นิทานคติธรรม
700 0  สุพัตรา แซ่ลิ่ม
700 0  อิศวเรศ ตโมนุท,^eบรรณาธิการ
945    ^p165^l0^i17692
995    กัณชพร
999    ^aใช้งานได้ทุกระบบ
รายการนี้ยังไม่มีแท็ก
คุณยังไม่ได้ล็อกอิน คุณสามารถมีกิจกรรมร่วมกับเว็บไซต์ได้ แต่ต้องล็อกอินก่อน ::
  ล็อกอิน

รายการสื่อสารสนเทศ

ลำดับที่ ประเภท เลขเรียก/บาร์โค้ด สถานที่ สถานะ
- ไม่พบข้อมูล -

รายการใกล้เคียง
    ผู้แต่ง [อาจอง ชุมสาย ณ อยุธยา]

    หัวเรื่อง [นิทานสอนใจ]
    หัวเรื่อง [การดำเนินชีวิต]
    หัวเรื่อง [ความสำเร็จ]
    หัวเรื่อง [นิทานคติธรรม]

BibComment


ยังไม่เคยถูกคอมเมนท์

คอมเมนท์ทรัพยากรรายการนี้
  คอมเมนท์: ด้วยรักบันดาลนิทา..


 Copyright 2026. Bcnsprnw @Library